[Event "WYCC U16 Open 2013"]
[Site "Al-Ain UAE"]
[Date "2013.12.22"]
[Round "6.12"]
[White "Gireman, Ja"]
[Black "Dastan, Muhammed Batuhan"]
[Result "0-1"]
[BlackTitle "IM"]
[WhiteElo "2248"]
[BlackElo "2409"]
[WhiteFideId "5043794"]
[BlackFideId "6300014"]
[EventDate "2013.12.18"]

1. e4 c5 2. Nf3 d6 3. d4 cxd4 4. Nxd4 Nf6 5. Nc3 a6 6. Rg1 e6 7. g4 b5 8. g5
Nfd7 9. Bg2 Bb7 10. f4 b4 11. Nce2 Nc5 12. Ng3 Nbd7 13. h4 Be7 14. Be3 Nb6 15.
b3 d5 16. e5 Ne4 17. Nh5 Rg8 18. f5 Qc7 19. fxe6 Qc3+ 20. Ke2 a5 21. Bxe4 dxe4
22. exf7+ Kxf7 23. Nf4 Rgf8 24. Qe1 Ba6+ 25. Kf2 Qc7 26. Nde6 Qxe5 27. Bd4 Qf5
28. Bxb6 Kg8 29. Kg2 Rac8 30. Be3 Rxc2+ 31. Kh1 Be2 32. Rg3 Bf3+ 33. Kg1 Bd6 34.
Nd4 Qc8 35. Nxc2 Qxc2 36. Rc1 Qxa2 37. Ne6 Bxg3 38. Qxg3 Qxb3 39. Rc7 Qxe6 40.
Bd4 Rf7 41. Rxf7 Kxf7 42. Qc7+ Qe7 43. Qf4+ Kg6 44. Qc1 Qd6 45. Bf2 0-1

[Event "WYCC U16 Open 2013"]
[Site "Al-Ain UAE"]
[Date "2013.12.22"]
[Round "6.14"]
[White "Bodek, Michael H"]
[Black "Wu, Christopher"]
[Result "1-0"]
[WhiteTitle "FM"]
[WhiteElo "2382"]
[BlackElo "2198"]
[WhiteFideId "2043858"]
[BlackFideId "2040875"]
[EventDate "2013.12.18"]

1. e4 c5 2. Nf3 d6 3. d4 cxd4 4. Nxd4 Nf6 5. Nc3 a6 6. h3 e5 7. Nde2 h5 8. Bg5
Nbd7 9. Ng3 Qc7 10. Nf5 b5 11. Ne3 Bb7 12. Bxf6 Nxf6 13. Ned5 Bxd5 14. Nxd5 Nxd5
15. Qxd5 Rc8 16. c3 Qb6 17. a4 b4 18. Bc4 bxc3 19. Qxf7+ Kd8 20. b3 Rc7 21. Qd5
Qd4 22. Qxd4 exd4 23. O-O-O Rc6 24. Rxd4 g6 25. f4 Ke7 26. Rhd1 Bh6 27. e5 Rf8
28. Rxd6 Bxf4+ 29. Kc2 Rxd6 30. Rxd6 Rf5 31. Re6+ Kf8 32. Bd3 Rf7 33. Bxg6 Re7
34. Rf6+ Kg7 35. Rxf4 Kxg6 36. Rf6+ Kg5 37. Rxa6 Rxe5 38. Kxc3 Re2 39. Ra8 1-0

[Event "WYCC U16 Open 2013"]
[Site "Al-Ain UAE"]
[Date "2013.12.22"]
[Round "6.15"]
[White "Bora, Safal"]
[Black "Sardana, Rishi"]
[Result "1-0"]
[WhiteElo "2176"]
[BlackElo "2373"]
[WhiteFideId "2066149"]
[BlackFideId "25004301"]
[EventDate "2013.12.18"]

1. Nf3 d5 2. g3 c6 3. Bg2 Bg4 4. Ne5 Bf5 5. d4 Nd7 6. O-O e6 7. c4 Bd6 8. Bf4
Qc7 9. cxd5 exd5 10. Nd3 Ngf6 11. Nc3 O-O 12. b4 a6 13. a4 Rfe8 14. b5 axb5 15.
axb5 Rxa1 16. Qxa1 Bxd3 17. Bxd6 Qxd6 18. exd3 Qb4 19. bxc6 bxc6 20. Nd1 Nf8 21.
Bh3 Re2 22. Qc3 Qxc3 23. Nxc3 Rc2 24. Na4 Ra2 25. Nc5 Rb2 26. Ra1 g5 27. Bf5 Rb4
28. Ra6 Rxd4 29. Rxc6 Kg7 30. Rb6 Ng8 31. f3 Nh6 32. Bc8 Ng6 33. Kf2 Ne7 34. Bd7
g4 35. f4 Nhf5 36. Ke2 h5 37. Nb3 f6 38. Kd2 h4 39. Nxd4 Nxd4 40. Bxg4 hxg3 41.
hxg3 Ndf5 42. Bxf5 Nxf5 43. g4 Nh6 44. Rxf6 Nxg4 45. Rd6 Nf6 46. Ke3 Kg6 47. Kd4
Kf5 48. Rxf6+ Kxf6 49. Kxd5 Kf5 50. d4 Kxf4 1-0

[Event "WYCC U16 Open 2013"]
[Site "Al-Ain UAE"]
[Date "2013.12.22"]
[Round "6.17"]
[White "Popov, Kirill"]
[Black "Lamard, Guillaume"]
[Result "1/2-1/2"]
[BlackTitle "FM"]
[WhiteElo "2158"]
[BlackElo "2288"]
[WhiteFideId "24157457"]
[BlackFideId "600261"]
[EventDate "2013.12.18"]

1. e4 c5 2. Nf3 e6 3. d4 cxd4 4. Nxd4 Nc6 5. Nc3 Qc7 6. Be3 Nf6 7. f4 d6 8. Be2
Be7 9. O-O O-O 10. Qe1 Nxd4 11. Bxd4 e5 12. Be3 b6 13. Rd1 Bb7 14. Bf3 Rac8 15.
Qg3 Kh8 16. Rd2 Qb8 17. fxe5 dxe5 18. Bg5 Rc4 19. Bxf6 Bxf6 20. Be2 Rd4 21. Rxd4
exd4 22. Qxb8 Rxb8 23. Nd5 Bxd5 24. exd5 Rd8 25. Bc4 Rd6 26. Re1 g6 27. Re4 Kg7
28. Kf1 b5 29. Bxb5 Rxd5 30. Bc4 Rc5 31. b3 Be5 32. g3 f5 33. Re2 Kf6 34. Kg2 a5
35. a4 h5 36. Kf3 Rc7 37. Kg2 h4 38. Bd3 Rh7 39. gxh4 Rxh4 40. h3 Rh8 41. Rf2
Rh5 42. Rf3 Kg5 43. Bf1 Kh4 44. Rd3 Rg5+ 45. Kf2 Rh5 46. Be2 Rh7 47. Rf3 Re7 48.
Bf1 Rc7 49. Bd3 Bd6 50. Bc4 Re7 51. Bf1 Bb4 52. Kg2 Bc3 53. Bd3 Re5 54. Rf4+ Kg5
55. Rf2 Re1 56. Rf1 Re7 57. Rf2 Rh7 58. Re2 Rh5 59. Re6 Kh6 60. Rd6 Rg5+ 61. Kf3
Kh5 62. Rd8 Rg1 63. Kf2 Rh1 64. Bf1 Kh4 65. Kg2 Rxf1 66. Kxf1 Kxh3 67. Rg8 Kg4
68. Rxg6+ Kf3 69. Rd6 Ke3 70. Re6+ Kd2 71. Re2+ Kd1 72. Rf2 Bd2 73. Rxf5 Kxc2
74. Rb5 Bc3 75. Kf2 d3 76. Rd5 Bd2 77. Kf3 Bb4 78. Ke3 d2 79. Ke2 Kxb3 80. Rxd2
Bxd2 1/2-1/2

[Event "WYCC U16 Open 2013"]
[Site "Al-Ain UAE"]
[Date "2013.12.22"]
[Round "6.18"]
[White "Nazarov, Rustem"]
[Black "Juhasz, Armin"]
[Result "1/2-1/2"]
[WhiteElo "2136"]
[BlackElo "2272"]
[WhiteFideId "14002280"]
[BlackFideId "724270"]
[EventDate "2013.12.18"]

1. e4 c5 2. Nf3 e6 3. d4 cxd4 4. Nxd4 a6 5. Be2 b5 6. O-O Bb7 7. Bf3 Qc7 8. Be3
Nf6 9. Nd2 Nc6 10. c4 b4 11. Nxc6 Bxc6 12. Re1 Bd6 13. h3 O-O 14. Bd4 Bh2+ 15.
Kh1 Be5 16. Nb3 a5 17. Bxe5 Qxe5 18. Qd4 Qg5 19. Rad1 Nh5 20. Qc5 Qxc5 21. Nxc5
Nf6 22. e5 Rac8 23. Bxc6 Rxc6 24. Nb3 Nh5 25. Nxa5 Ra6 26. Nb7 Rxa2 27. Re2 Nf4
28. Re4 g5 29. g3 Ng6 30. Re2 Rc8 31. Rxd7 Rxc4 32. Nd6 Ra1+ 33. Kg2 Rd4 34.
Rd8+ Nf8 35. Nxf7 Rxd8 36. Nxd8 Ra6 37. Re4 Rb6 38. f4 Ng6 39. Kf3 gxf4 40. gxf4
Kf8 41. Rc4 Ne7 42. Rc7 Ke8 43. Nb7 b3 44. Nd6+ Kf8 45. Rb7 Nd5 46. Rxb6 Nxb6
47. Ke4 Na4 48. Nc4 Nc5+ 49. Kd4 Na4 50. Ke4 Nc5+ 51. Kf3 Nd3 52. Nd2 Nxb2 53.
Nxb3 Nd3 54. Nd4 Kf7 55. Kg3 Nb4 56. Nf3 Kg6 57. Nd4 Kf7 58. Kg4 Nd5 59. f5
exf5+ 60. Kxf5 1/2-1/2

[Event "WYCC U16 Open 2013"]
[Site "Al-Ain UAE"]
[Date "2013.12.22"]
[Round "6.19"]
[White "Bilguun, Sumiya"]
[Black "Wagdy, Andro"]
[Result "1-0"]
[WhiteTitle "FM"]
[BlackTitle "FM"]
[WhiteElo "2270"]
[BlackElo "2109"]
[WhiteFideId "4901541"]
[BlackFideId "10604413"]
[EventDate "2013.12.18"]

1. e4 e6 2. d4 d5 3. Nd2 c5 4. Ngf3 Nf6 5. e5 Nfd7 6. c3 Nc6 7. Bd3 f6 8. exf6
Qxf6 9. O-O Bd6 10. Qc2 g6 11. Re1 O-O 12. Nf1 c4 13. Be2 e5 14. Ne3 Nb6 15.
dxe5 Nxe5 16. Qd1 Be6 17. Nc2 Bf5 18. Ncd4 Be4 19. Bg5 Nxf3+ 20. Nxf3 Qf5 21.
Bh4 Rae8 22. Bg3 Bxg3 23. hxg3 g5 24. Qd4 Re6 25. Nh2 Qf6 26. Bg4 Bf5 27. Bxf5
Qxf5 28. Rxe6 Qxe6 29. Nf3 h6 30. Re1 Qf6 31. Qe3 a6 32. Ne5 Rd8 33. Ng4 Qd6 34.
Qd4 Na4 35. Re5 Qb6 36. Qxb6 Nxb6 37. Nxh6+ Kf8 38. Rxg5 Rd7 39. Rg8+ Ke7 40. g4
Na4 41. g5 Nxb2 42. Rg7+ 1-0

[Event "WYCC U16 Open 2013"]
[Site "Al-Ain UAE"]
[Date "2013.12.22"]
[Round "6.20"]
[White "Sultan, Ibrahim"]
[Black "Tran, Tuan Minh"]
[Result "1/2-1/2"]
[BlackTitle "FM"]
[WhiteElo "1954"]
[BlackElo "2330"]
[WhiteFideId "9301143"]
[BlackFideId "12401820"]
[EventDate "2013.12.18"]

1. d4 Nf6 2. c4 e6 3. Nf3 c5 4. d5 b5 5. Bg5 exd5 6. cxd5 Qa5+ 7. Nc3 Ne4 8. Qd3
Nxg5 9. Nxg5 Be7 10. h4 h6 11. Ne4 c4 12. Qd4 O-O 13. g4 Bb7 14. g5 h5 15. Nf6+
Bxf6 16. gxf6 Qb6 17. Qxb6 axb6 18. fxg7 Kxg7 19. Rg1+ Kf6 20. Rg5 Ra5 21. Ne4+
Ke7 22. Re5+ Kd8 23. Nd6 Kc7 24. Nxb7 Kxb7 25. e4 Na6 26. a3 Nc5 27. Rd1 Raa8
28. f3 f5 29. exf5 Rae8 30. Rxe8 Rxe8+ 31. Kd2 Rf8 32. Bh3 Nd3 33. Rg1 Nf4 34.
Bg4 Kc7 35. Ke3 Nxd5+ 36. Ke4 Kd6 37. Kd4 Rg8 38. Ke4 Re8+ 39. Kd4 Re3 40. Bxh5
Rd3+ 41. Ke4 Nf6+ 42. Kf4 Nxh5+ 43. Kg5 Ng7 44. Kg6 Nxf5 45. Kxf5 Rxf3+ 46. Kg6
Rf2 47. h5 Rxb2 48. h6 Rh2 49. h7 Ke6 50. Re1+ Kd5 51. Re8 c3 52. h8=Q Rxh8 53.
Rxh8 Kc4 54. Kf5 d5 55. Ke5 d4 56. Rc8+ Kd3 57. Rc7 Ke3 58. Rc6 1/2-1/2

[Event "WYCC U16 Open 2013"]
[Site "Al-Ain UAE"]
[Date "2013.12.22"]
[Round "6.21"]
[White "Rydstrom, Tom"]
[Black "Ali Marandi, Cemil Can"]
[Result "1/2-1/2"]
[BlackTitle "IM"]
[WhiteElo "2156"]
[BlackElo "2391"]
[WhiteFideId "1714830"]
[BlackFideId "6300529"]
[EventDate "2013.12.18"]

1. e4 e6 2. d4 d5 3. exd5 exd5 4. Nf3 Bd6 5. Bd3 Nc6 6. c3 Nge7 7. O-O Bg4 8.
Nbd2 Qd7 9. Re1 O-O-O 10. b4 Rde8 11. Nb3 Ng6 12. Be3 f5 13. b5 Nb8 14. Be2 f4
15. Bd2 Re7 16. h3 Bh5 17. Nh2 Bxe2 18. Rxe2 Qxb5 19. Rxe7 Bxe7 20. Bxf4 Nxf4
21. Qg4+ Qd7 22. Qxf4 Bd6 23. Qd2 Re8 24. Re1 Rxe1+ 25. Qxe1 Qe7 26. Qxe7 Bxe7
27. Nf3 Nd7 28. Kf1 b6 29. Nbd2 Kb7 30. Ke2 b5 31. Kd3 Kb6 32. Ne1 a5 33. Nc2 c5
34. dxc5+ Nxc5+ 35. Ke3 Na4 36. Kd3 Nb2+ 37. Ke2 Bf6 38. Nb1 Kc5 39. Kd2 Nc4+
40. Kd3 Nb2+ 41. Kd2 g6 42. Ke2 d4 43. cxd4+ Bxd4 44. Nd2 Bg7 45. Nb3+ Kb6 46.
f4 b4 47. g4 Na4 48. a3 Nc3+ 49. Kd3 a4 50. Nd2 b3 51. Nd4 Bxd4 52. Kxd4 Nb5+
53. Kc4 1/2-1/2

[Event "WYCC U16 Open 2013"]
[Site "Al-Ain UAE"]
[Date "2013.12.22"]
[Round "6.22"]
[White "Repka, Christopher"]
[Black "Markoja, Boris"]
[Result "1-0"]
[WhiteElo "2391"]
[BlackElo "2167"]
[WhiteFideId "14918781"]
[BlackFideId "14608502"]
[EventDate "2013.12.18"]

1. Nf3 g6 2. d4 Bg7 3. c4 d6 4. g3 Nf6 5. Bg2 O-O 6. O-O c6 7. Nc3 Bf5 8. Ne1
Qb6 9. e4 Bg4 10. Qd3 e5 11. Be3 Qa6 12. d5 cxd5 13. cxd5 Bd7 14. h3 Nh5 15. Qd2
b5 16. Nd3 Qb7 17. g4 Nf6 18. f4 b4 19. Ne2 exf4 20. Rxf4 Bb5 21. e5 Nfd7 22. e6
Bxd3 23. Qxd3 Ne5 24. exf7+ Rxf7 25. Rxf7 Qxf7 26. Qe4 Nbd7 27. Rf1 Qe7 28. Nd4
Rf8 29. Rxf8+ Bxf8 30. Nc6 Qh4 31. Bf2 Qg5 32. Qe3 Qf6 33. Nxb4 Nc5 34. Nc6 Ned3
35. b4 Qa1+ 36. Bf1 Nxf2 37. bxc5 Nd1 38. Qe6+ Kg7 39. Nd8 Qd4+ 40. Kh1 Qf2 41.
Qe2 Qxe2 42. Bxe2 Nc3 43. c6 Nxd5 44. Ne6+ Kf7 45. c7 Nb6 46. Nxf8 1-0

[Event "WYCC U16 Open 2013"]
[Site "Al-Ain UAE"]
[Date "2013.12.22"]
[Round "6.23"]
[White "Bellahcene, Bilel"]
[Black "Machan, Jan"]
[Result "1/2-1/2"]
[WhiteTitle "FM"]
[WhiteElo "2311"]
[BlackElo "2147"]
[WhiteFideId "696358"]
[BlackFideId "334774"]
[EventDate "2013.12.18"]

1. Nf3 Nf6 2. c4 e6 3. g3 d5 4. d4 dxc4 5. Bg2 a6 6. O-O Nc6 7. e3 Rb8 8. Qe2 b5
9. b3 cxb3 10. axb3 Be7 11. Ba3 Bb7 12. Rc1 O-O 13. Nbd2 Bxa3 14. Rxa3 Qe7 15.
Raa1 e5 16. Nxe5 Nxe5 17. dxe5 Qxe5 18. Bxb7 Rxb7 19. Rxa6 c5 20. Rc6 Nd7 21.
Qd3 Qb2 22. Rb1 Ne5 23. Qd5 Qxd2 24. Qxe5 Qd3 25. Rb2 Ra7 26. Kg2 Ra1 27. Qxc5
Qf1+ 28. Kf3 Qh1+ 29. Kf4 Qxh2 30. Rc8 Qh6+ 31. Kf3 Qh1+ 32. Kf4 Qh6+ 33. Kf3
Qh1+ 34. Kf4 Qh6+ 35. Kf3 Qh1+ 36. Kf4 Qh6+ 37. Kf3 Qh1+ 38. Kf4 Qh6+ 39. Kf3
Qh1+ 40. Kf4 Qh6+ 1/2-1/2

[Event "WYCC U16 Open 2013"]
[Site "Al-Ain UAE"]
[Date "2013.12.22"]
[Round "6.24"]
[White "Sosovicka, Matej"]
[Black "Enkhnar, Enkhbaatar"]
[Result "1-0"]
[WhiteElo "2098"]
[BlackElo "2309"]
[WhiteFideId "14916770"]
[BlackFideId "4900324"]
[EventDate "2013.12.18"]

1. e4 c5 2. Nf3 e6 3. d4 cxd4 4. Nxd4 a6 5. c4 Nf6 6. Nc3 Bb4 7. Bd3 Nc6 8. a3
Bxc3+ 9. bxc3 Qa5 10. O-O Qxc3 11. Nxc6 dxc6 12. Rb1 e5 13. Bb2 Qa5 14. Kh1 O-O
15. f4 Ng4 16. Qf3 exf4 17. Qxf4 f6 18. Be2 Ne5 19. c5 Ng6 20. Bc4+ Kh8 21. Qd6
Bg4 22. Rxf6 Rfe8 23. Rxg6 1-0

[Event "WYCC U16 Open 2013"]
[Site "Al-Ain UAE"]
[Date "2013.12.22"]
[Round "6.25"]
[White "Kourkoulos-Arditis, Stamatis"]
[Black "Tutisani, Noe"]
[Result "1/2-1/2"]
[WhiteElo "2297"]
[BlackElo "2120"]
[WhiteFideId "4221990"]
[BlackFideId "13602853"]
[EventDate "2013.12.18"]

1. e4 c5 2. Nf3 d6 3. d4 cxd4 4. Nxd4 Nf6 5. Nc3 g6 6. Be3 Bg7 7. f3 Nc6 8. Qd2
O-O 9. Bc4 Nxd4 10. Bxd4 Be6 11. Bxe6 fxe6 12. O-O-O Qa5 13. Kb1 Rac8 14. h4 Nh5
15. Bxg7 Kxg7 16. Qd4+ e5 17. Qe3 Qc5 18. Qg5 Rf7 19. Rd2 Rcf8 20. Nd5 h6 21.
Qg4 Qc8 22. Qxc8 Rxc8 23. Rd3 Nf4 24. Nxf4 Rxf4 25. Rb3 Rc7 26. Kc1 Kf7 27. Kd2
e6 28. Rd3 Ke7 29. Rh2 Rc5 30. g3 Rf8 31. Ke3 d5 32. c3 Rd8 33. Rhd2 b5 34. a3
a5 35. b4 axb4 36. axb4 Rxc3 37. Rxc3 d4+ 38. Ke2 dxc3 39. Rxd8 Kxd8 40. Kd3 Ke7
41. Kxc3 Kf6 42. Kd3 g5 43. hxg5+ hxg5 44. Ke3 Kg6 45. Kf2 Kg7 46. Kg2 Kg6 47.
Kh2 Kh6 48. Kg2 Kg6 1/2-1/2

[Event "WYCC U16 Open 2013"]
[Site "Al-Ain UAE"]
[Date "2013.12.22"]
[Round "6.26"]
[White "Gorbanovsky, Oleg"]
[Black "Stremavicius, Titas"]
[Result "1/2-1/2"]
[WhiteElo "2147"]
[BlackElo "2279"]
[WhiteFideId "13903829"]
[BlackFideId "12804444"]
[EventDate "2013.12.18"]

1. e4 c5 2. Nf3 Nc6 3. Bb5 g6 4. Bxc6 bxc6 5. O-O Bg7 6. Re1 Nh6 7. e5 Nf5 8.
Nc3 O-O 9. d3 d6 10. Ne4 dxe5 11. Nxc5 Qd5 12. Nb3 Rd8 13. Qe2 f6 14. Qe4 Nd6
15. Qe3 Bg4 16. Nfd2 Bf5 17. h3 Qf7 18. a4 Be6 19. Qe2 Nf5 20. Nc5 Nd4 21. Qd1
Bd5 22. Nde4 h6 23. Nc3 f5 24. Be3 Ne6 25. Nxe6 Bxe6 26. Bc5 a5 27. Qe2 Bd5 28.
Rab1 Rdb8 29. Nd1 Bxg2 30. f3 Qd5 31. Ne3 Qxc5 32. Kxg2 e4 33. dxe4 fxe4 34.
Qc4+ Qxc4 35. Nxc4 exf3+ 36. Kxf3 Rf8+ 37. Kg3 Rf5 38. Rbd1 Raf8 39. Re2 c5 40.
c3 Rg5+ 41. Kh2 Rf4 42. Rd8+ Kf7 43. Rd7 Bf6 44. Nd6+ Kg8 45. Rd8+ Kh7 46. Ne4
Re5 47. Nxf6+ exf6 48. Rxe5 fxe5 49. Rd7+ Kg8 50. Rd5 Rxa4 51. Rxc5 e4 52. Kg3
g5 53. Rc7 Kf8 54. Rb7 e3 55. b4 Ra3 56. bxa5 Rxa5 57. Kf3 Rc5 58. Rb6 Kg7 59.
Re6 Rxc3 60. h4 Kf7 61. Re4 Kg6 62. hxg5 hxg5 63. Kg4 Kf6 64. Re8 Rc4+ 65. Kg3
Rc3 66. Kg4 Rb3 67. Re4 Ra3 68. Re8 Ra4+ 69. Kg3 Ra1 70. Rxe3 Rg1+ 71. Kf2 Rg4
72. Ra3 Rf4+ 73. Kg3 1/2-1/2

[Event "WYCC U16 Open 2013"]
[Site "Al-Ain UAE"]
[Date "2013.12.22"]
[Round "6.27"]
[White "Salomon, Johan"]
[Black "Nastase, Robert-Paul"]
[Result "1-0"]
[WhiteElo "2269"]
[BlackElo "2141"]
[WhiteFideId "1509500"]
[BlackFideId "1221175"]
[EventDate "2013.12.18"]

1. e4 e6 2. d4 d5 3. Nd2 Nf6 4. e5 Nfd7 5. Bd3 c5 6. c3 Nc6 7. Ne2 Be7 8. O-O
cxd4 9. cxd4 O-O 10. f4 Qb6 11. Nf3 f5 12. Kh1 Nb4 13. Bb1 Qc7 14. a3 Nc6 15.
Rg1 Rf7 16. g4 Nf8 17. gxf5 exf5 18. Ba2 Be6 19. Be3 a6 20. Nc3 Rd8 21. Rc1 Kh8
22. Na4 h6 23. b4 Nd7 24. Nc5 Nxc5 25. dxc5 Qd7 26. Nd4 Nxd4 27. Qxd4 Kh7 28.
Bb3 Qc6 29. Rc2 g6 30. Rd2 Rg7 31. Bd1 g5 32. fxg5 Bxg5 33. Bf3 Rdd7 34. Rgd1
Kg8 35. Rd3 Kh7 36. Bf2 Bg8 37. Bg3 Qg6 38. Qb2 Bd8 39. Qe2 Bg5 40. Rd4 Qc6 41.
Qd3 Be6 42. Bg4 Rdf7 43. Rf1 Qd7 44. Bf3 Qc6 45. Rxd5 Qc8 46. Rd6 Rf8 47. c6
bxc6 48. Rxc6 Qe8 49. Qxa6 Bd7 50. Rb6 f4 51. Bf2 Qxe5 52. Qd3+ Bf5 53. Qd4 Qxd4
54. Bxd4 Rd7 55. Rb7 Rxb7 56. Bxb7 Kg6 57. Bf3 Rd8 58. Rd1 h5 59. Bc5 Rg8 60.
Rd6+ Kh7 61. Rd5 Kg6 62. b5 Bg4 63. Be4+ Kf6 64. b6 Rd8 65. Bd4+ Kf7 66. Re5 Be7
67. b7 Rb8 68. Bd5+ Kf8 69. Bb6 Bd6 70. Re1 1-0

[Event "WYCC U16 Open 2013"]
[Site "Al-Ain UAE"]
[Date "2013.12.22"]
[Round "6.28"]
[White "Valkama, Eero"]
[Black "Reshef, Omer"]
[Result "1-0"]
[WhiteElo "1960"]
[BlackElo "2253"]
[WhiteFideId "507555"]
[BlackFideId "2804336"]
[EventDate "2013.12.18"]

1. e4 c5 2. Nf3 d6 3. Bb5+ Nd7 4. d4 Nf6 5. O-O cxd4 6. Qxd4 e5 7. Qd3 h6 8. c4
Be7 9. Nc3 O-O 10. Bxd7 Bxd7 11. Rd1 Be6 12. b3 a6 13. a4 Rc8 14. Ba3 Qa5 15.
Ne1 Nd7 16. Nc2 Nc5 17. Bxc5 Qxc5 18. Ne3 Bg5 19. Ncd5 a5 20. Nf5 Kh8 21. Nc3
Rc6 22. h4 Bf6 23. g3 Bd8 24. Nb5 Bb6 25. Ra2 Re8 26. Nfxd6 Rd8 27. Rad2 Rd7 28.
Qe2 g6 29. Qf3 Kg8 30. Ne8 Rxd2 31. Rxd2 Qe7 32. Nf6+ Kg7 33. Nd5 Bxd5 34. exd5
Rf6 35. d6 Qd7 36. Qd5 Qf5 37. c5 Bd8 38. Qxb7 g5 39. h5 Qb1+ 40. Kg2 Qxb3 41.
Qe4 Re6 42. c6 f5 43. Qd5 Qb4 44. c7 1-0

[Event "WYCC U16 Open 2013"]
[Site "Al-Ain UAE"]
[Date "2013.12.22"]
[Round "6.29"]
[White "Nuri, Murad"]
[Black "Kumsiashvili, Nikoloz"]
[Result "1-0"]
[WhiteElo "2250"]
[BlackElo "2126"]
[WhiteFideId "13404474"]
[BlackFideId "13600621"]
[EventDate "2013.12.18"]

1. e4 c5 2. Nf3 e6 3. c3 Nf6 4. Bd3 Nc6 5. O-O d6 6. Bc2 Be7 7. Re1 O-O 8. d4
cxd4 9. cxd4 e5 10. h3 Qb6 11. d5 Nb4 12. Ba4 Na6 13. Nc3 Nc5 14. Bc2 Bd7 15.
Rb1 a5 16. Be3 Rfc8 17. Nd2 Qa6 18. f4 Nd3 19. Bxd3 Qxd3 20. Nf3 Qxd1 21. Rbxd1
exf4 22. Bxf4 Rc4 23. Bh2 Rb4 24. Rd2 Ne8 25. e5 dxe5 26. Nxe5 Bf5 27. Nd3 Bxd3
28. Rxe7 Kf8 29. d6 Ba6 30. Re1 f5 31. d7 1-0

[Event "WYCC U16 Open 2013"]
[Site "Al-Ain UAE"]
[Date "2013.12.22"]
[Round "6.30"]
[White "Dixit, Kumar"]
[Black "Mosadeghpour, Masoud"]
[Result "0-1"]
[WhiteElo "1951"]
[BlackElo "2230"]
[WhiteFideId "421103"]
[BlackFideId "12519278"]
[EventDate "2013.12.18"]

1. d4 Nf6 2. Nf3 g6 3. c4 Bg7 4. Nc3 d5 5. cxd5 Nxd5 6. e4 Nxc3 7. bxc3 O-O 8.
Be2 c5 9. Rb1 b6 10. O-O Bb7 11. Qd3 Qd6 12. Bg5 Nd7 13. Qe3 e5 14. Rfd1 exd4
15. cxd4 cxd4 16. Nxd4 Qe5 17. f3 Nc5 18. Nb5 Ne6 19. Be7 Rfc8 20. Rd7 Bc6 21.
Bd6 Qh5 22. g4 Qh3 23. Bf1 Qh4 24. Be7 Bf6 25. Bxf6 Qxf6 26. Rd2 Bxb5 27. Bxb5
Ng5 28. f4 Qxf4 29. Qxf4 Nh3+ 30. Kg2 Nxf4+ 31. Kf3 g5 32. Rb3 Rc5 33. h4 h6 34.
hxg5 hxg5 35. Rd7 Kg7 36. Ba6 Rh8 37. Bf1 Rc1 38. Bg2 Rh2 39. Rd2 Rg1 40. Rbb2
Rhxg2 41. Rxg2 Rxg2 42. Rxg2 Nxg2 0-1

[Event "WYCC U16 Open 2013"]
[Site "Al-Ain UAE"]
[Date "2013.12.22"]
[Round "6.31"]
[White "Kwon, Sehyun"]
[Black "Hua, David A"]
[Result "0-1"]
[WhiteElo "1706"]
[BlackElo "2229"]
[WhiteFideId "13203088"]
[BlackFideId "2030047"]
[EventDate "2013.12.18"]

1. e4 c5 2. Nf3 e6 3. c3 Nf6 4. e5 Nd5 5. d4 cxd4 6. cxd4 d6 7. Nc3 Nxc3 8. bxc3
Qc7 9. Qc2 Nd7 10. Bb5 a6 11. Bxd7+ Bxd7 12. Ba3 Rc8 13. exd6 Bxd6 14. Bxd6 Qxd6
15. O-O Bb5 16. Rfd1 Qa3 17. Qe4 Qxc3 18. d5 O-O 19. Ng5 Qc2 20. dxe6 Qxe4 21.
exf7+ Rxf7 22. Nxe4 Rc2 23. Rd8+ Rf8 24. Rxf8+ Kxf8 25. Ng5 Bd3 26. h3 h6 27.
Ne6+ Kg8 28. a4 Bc4 29. Nd4 Rd2 30. Nf3 Rd5 31. a5 Rb5 32. Nd4 Rd5 33. Nc2 Bb5
34. Ne3 Rc5 35. Ra2 Kf7 36. Nc2 Rc4 37. Ne3 Rc1+ 38. Kh2 Ke6 39. Kg3 Ke5 40. h4
Rc5 41. Kf3 Rc3 42. Kg4 Rb3 43. Rc2 Rb4+ 44. Kg3 Bc6 45. Re2 Ra4 46. f4+ Ke6 47.
Kg4 Kf6 48. Rd2 Rxa5 49. Rd6+ Ke7 50. Rg6 h5+ 51. Kh3 Kf7 52. Rg3 Ra3 53. Nc4
Rxg3+ 0-1

[Event "WYCC U16 Open 2013"]
[Site "Al-Ain UAE"]
[Date "2013.12.22"]
[Round "6.32"]
[White "Naoum, Spyridon"]
[Black "Horton, Andrew P"]
[Result "0-1"]
[WhiteElo "2183"]
[BlackElo "2086"]
[WhiteFideId "4227506"]
[BlackFideId "424269"]
[EventDate "2013.12.18"]

1. d4 Nf6 2. c4 e6 3. Nc3 Bb4 4. Nf3 b6 5. Bg5 Bb7 6. Nd2 c5 7. d5 Bxc3 8. bxc3
h6 9. Bh4 d6 10. e4 e5 11. Bd3 Qe7 12. Nf1 Bc8 13. Ne3 Kd8 14. Kd2 Kc7 15. Qf3
g5 16. Bg3 Rg8 17. h3 Rg6 18. Qd1 h5 19. a4 a5 20. Rb1 h4 21. Bh2 g4 22. g3 gxh3
23. gxh4 Ng4 24. Qf3 Nxe3 25. Qxe3 Qxh4 26. Rbg1 Bg4 27. f4 f6 28. fxe5 fxe5 29.
Rf1 Nd7 30. Rf7 Bh5 31. Rhf1 Rg2+ 32. R7f2 Rag8 33. Be2 Bxe2 34. Qxe2 Rf8 35.
Rxg2 hxg2 36. Rxf8 Qxh2 37. Rf2 Qh6+ 0-1

[Event "WYCC U16 Open 2013"]
[Site "Al-Ain UAE"]
[Date "2013.12.22"]
[Round "6.34"]
[White "Sibashvili, Giorgi"]
[Black "Hui, Jeremy"]
[Result "1-0"]
[WhiteElo "2173"]
[BlackElo "1914"]
[WhiteFideId "13602799"]
[BlackFideId "2608987"]
[EventDate "2013.12.18"]

1. d4 e6 2. c4 Nf6 3. Nc3 c5 4. d5 exd5 5. cxd5 d6 6. e4 g6 7. f4 Bg7 8. Bb5+
Nfd7 9. a4 O-O 10. Nf3 Na6 11. O-O Nb4 12. Re1 a6 13. Bf1 Re8 14. h3 f5 15. Ng5
Bd4+ 16. Kh1 Nf6 17. Bd2 h6 18. Ne6 Bxe6 19. dxe6 Ng4 20. Qf3 Nf2+ 21. Kh2 Nc2
22. exf5 Nxa1 23. Bc4 Qh4 24. fxg6 Nc2 25. Re2 h5 26. Qxb7 Ng4+ 27. Kh1 Bg7 28.
e7+ Kh8 29. Qxa8 Rxa8 30. e8=Q+ Rxe8 31. Rxe8+ Bf8 32. Rxf8+ Kg7 33. Rf7+ Kh6
34. Ne4 Nge3 35. g7 Kh7 36. Nf6+ Qxf6 37. Bd3+ 1-0

[Event "WYCC U16 Open 2013"]
[Site "Al-Ain UAE"]
[Date "2013.12.22"]
[Round "6.35"]
[White "Kenes, Aldiyar"]
[Black "Akhmetov, Ayan"]
[Result "0-1"]
[WhiteElo "2026"]
[BlackElo "2382"]
[WhiteFideId "13707914"]
[BlackFideId "13703706"]
[EventDate "2013.12.18"]

1. e4 e6 2. d4 d5 3. Nc3 Nf6 4. e5 Nfd7 5. f4 c5 6. Nf3 Nc6 7. Be3 Be7 8. Qd2
O-O 9. Be2 a6 10. O-O b5 11. Nd1 cxd4 12. Nxd4 Nxd4 13. Bxd4 b4 14. f5 exf5 15.
Ne3 Bg5 16. Rxf5 Nb8 17. Rff1 Nc6 18. Rad1 Re8 19. Bf3 Be6 20. Kh1 Rc8 21. c3
bxc3 22. bxc3 Qa5 23. Qe2 Nxd4 24. cxd4 Rc3 25. Ng4 Rec8 26. Qe1 h5 27. Nf2 Qxa2
28. Bxh5 Re3 29. Qb4 Rb3 30. Qe1 Rc2 31. Ra1 Qb2 32. Rxa6 Re3 33. Qb1 Qxb1 34.
Rxb1 Rxf2 35. Kg1 Rc2 36. Bg6 fxg6 37. Rxe6 Ree2 0-1

[Event "WYCC U16 Open 2013"]
[Site "Al-Ain UAE"]
[Date "2013.12.22"]
[Round "6.36"]
[White "Lampert, Jonas"]
[Black "Lekic, Lazar"]
[Result "1-0"]
[WhiteElo "2378"]
[BlackElo "2071"]
[WhiteFideId "1303759"]
[BlackFideId "900052"]
[EventDate "2013.12.18"]

1. e4 c5 2. Nf3 e6 3. d4 cxd4 4. Nxd4 a6 5. Bd3 Qc7 6. O-O Nf6 7. Qe2 d6 8. c4
g6 9. Nc3 Bg7 10. Rd1 O-O 11. Nf3 Nc6 12. h3 b6 13. Bf4 Nh5 14. Be3 Ne5 15. Rac1
Bb7 16. Nxe5 dxe5 17. Na4 Nf4 18. Qf1 Nxd3 19. Qxd3 Rad8 20. Bxb6 Rxd3 21. Bxc7
Bxe4 22. Nc5 Rxd1+ 23. Rxd1 Rc8 24. Nxe4 1-0